Widok standardowy
Widok MARC
Pozycja Corporate Name
Liczba rekordów, w których użyto hasła: 1
001 - Numer kontrolny
- control field: 11700
003 - Identyfikator numeru kontrolnego
- control field: OLSZT 008
005 - Data i czas ostatniej modyfikacji
- control field: 20240320220005.0
008 - Dane kontrolne kodowane (40 znaków)
- fixed length control field: 091126n||a|nnnabbn |a ana |c
010 ## - Numer kontrolny Biblioteki Kongresu
- numer kontrolny LC: n 2009064081
024 7# - OTHER STANDARD IDENTIFIER
- Standard number or code: http://viaf.org/viaf/267010102
- Source of number or code: uri
024 7# - OTHER STANDARD IDENTIFIER
- Standard number or code: http://isni.org/isni/0000000110178214
- Source of number or code: uri
039 #9 -
- : 202308010014
- : VLOAD
- : 202307310502
- : VLOAD
- : 200911300009
- : VLOAD
- : 200911271320
- : fhp
- : 200911261639
- : vpubwa
040 ## - Instytucja sporządzająca rekord
- inst. przygot. dane do rek. khw: WR O/MK
- inst. wprow. rek. khw: WR O/MK
- inst. modyf. rek. khw: WA M/AR
110 2# - Hasło - nazwa ciała zbiorowego
- nazwa ciała zbior. lub geogr. na pocz.: Katolicki Uniwersytet Lubelski.
- nazwa jednostki podrzędnej: Katedra Historii Państwa i Prawa.
410 2# - Trop zob. - nazwa ciała zbiorowego
- nazwa ciała zbior. lub geogr. na pocz.: KUL.
- nazwa jednostki podrzędnej: Katedra Historii Państwa i Prawa.
410 2# - Trop zob. - nazwa ciała zbiorowego
- nazwa ciała zbior. lub geogr. na pocz.: Katedra Historii Państwa i Prawa Katolickiego Uniwersytetu Lubelskiego.
410 2# - Trop zob. - nazwa ciała zbiorowego
- nazwa ciała zbior. lub geogr. na pocz.: Katedra Historii Państwa i Prawa KUL.
410 2# - Trop zob. - nazwa ciała zbiorowego
- nazwa ciała zbior. lub geogr. na pocz.: Katolicki Uniwersytet Lubelski.
- nazwa jednostki podrzędnej: Wydział Prawa, Prawa Kanonicznego i Administracji.
- nazwa jednostki podrzędnej: Katedra Historii Państwa i Prawa.
510 2# - Trop zob. też - nazwa ciała zbiorowego
- podpole kontrolne: b
- nazwa ciała zbior. lub geogr. na pocz.: Katolicki Uniwersytet Lubelski Jana Pawła II.
- nazwa jednostki podrzędnej: Katedra Historii Państwa i Prawa.
670 ## - Źródło informacji
- źródło informacji: Kp. Czasy Nowożytne. - T. 18/19 (2005).
670 ## - Źródło informacji
- źródło informacji: Czasy Nowożytne / Katolicki Uniwersytet Lubelski. [Wydział Prawa, Prawa Kanonicznego i Administracji]. Katedra Historii Państwa i Prawa. - T. 16 (2004).
999 ## -
- : VIRTUA5 x
999 ## -
- : VTLSSORT0010*0080*0100*0390*0400*1100*4100*4101*4102*4103*5100*6700*6701*9992